000 00379pab a2200157 454500
008 180718b2008 xxu||||| |||| 00| 0 eng d
100 _aNaidu, A. Ramprasad et al.
245 _aDevelopment amongst the Warlis of Pathardi
260 _c2008
300 _ap.18-39.
362 _aMar
650 _aTribes
773 _aTribal Research Bulletin
908 _aN
909 _a80662
999 _c80662
_d80662